The abbot

Sparad:
Bibliografiska uppgifter
Huvudupphovsman: Scott, Walter (Författare, medförfattare)
Materialtyp: Bok
Språk:engelska
Publicerad: Londres Thomas Nelson and Sons 1904
Upplaga:1a. ed
Serie:New Century Library
Ämnen:
Taggar: Lägg till en tagg
Inga taggar, Lägg till första taggen!

MARC

LEADER 00000cam a2200000 a 4500
001 UCE5583
003 CL-VaPUC
008 150123e19040000uk |||||||||||||||||eng|d
082 0 4 |a 823  |b SCO  |2 21 
100 0 |a Scott, Walter  |e author  |9 354318 
245 1 4 |a The abbot 
250 |a 1a. ed 
300 |a 556 p 
942 |c BK 
945 |d 20150123 15:06:00  |a arojas 
260 |a Londres  |b Thomas Nelson and Sons  |c 1904 
650 7 |a NOVELAS ESCOCESAS  |2 CL-VaPUC  |9 348025 
650 7 |a LITERATURA ESCOCESA  |2 CL-VaPUC  |9 413003 
650 7 |a NOVELAS DE FICCION  |2 CL-VaPUC  |9 578257 
583 |a last modification  |c 20150123 15:06:00  |k Rodrigo Vera 
490 0 |a New Century Library 
999 |c 358260  |d 358258 
952 |0 0  |1 0  |3 erd  |4 0  |6 823_000000000000000_SCO_1904  |7 0  |8 X  |9 466873  |a FDOBUD  |b FDOBUD  |i 5150493  |o 823 SCO 1904  |p 5150493  |r 2019-11-23  |w 2019-11-23  |y BK_X  |z Catalogado en:20150123  |k BUD